Madness - Embarrassment Song Lyrics - Statistics

General Stats
  • This quiz has been taken 31 times
  • The average score is 143 of 227
Answer Stats
Lyric % Correct
a
92%
I
92%
you
92%
as
83%
do
83%
Don't
83%
don't
83%
don't"
83%
embarrassment
83%
embarrassment,
83%
he
83%
more
83%
more"
83%
no
83%
No
83%
old",
83%
older
83%
older"
83%
on
83%
our
83%
Our
83%
that
83%
the
83%
The
83%
to
83%
What
83%
"What
83%
what
83%
your
83%
away
75%
dad
75%
did
75%
feelin'
75%
for?
75%
from
75%
"I'm
75%
I'm
75%
"This
75%
twice
75%
wanna
75%
want
75%
will
75%
will,
75%
an
67%
come
67%
day
67%
earth
67%
her
67%
here
67%
just
67%
mum,
67%
other
67%
shoulder
67%
aunt,
58%
door
58%
is
58%
Keep
58%
know
58%
know,
58%
matter
58%
neighbours
58%
see
58%
she
58%
think,
58%
think
58%
You're
58%
you're
58%
are
50%
had
50%
it
50%
letter
50%
'round
50%
say,
50%
says
50%
serious
50%
"Stay
50%
they
50%
They
50%
"Thought
50%
uncle
50%
We
50%
we
50%
"We
50%
But
42%
can
42%
disgrace
42%
down
42%
head
42%
"How
42%
human
42%
late
42%
race",
42%
race?"
42%
reconsider
42%
seem
42%
Too
42%
was
42%
When
42%
endorsement
33%
face
33%
first
33%
given
33%
gonna
33%
have
33%
home
33%
living
33%
not
33%
Received
33%
show
33%
that's
33%
they'll
33%
today
33%
us
33%
Yes,
33%
booked
25%
'cause
25%
Cause
25%
intention
25%
one's
25%
overlooked
25%
score
25%
their
25%
two
25%
ya"
25%
bluntly
17%
laid
17%
lines
17%
read
17%
They've
17%
Within
17%
commitment
8%
No matching quizzes found
Score Distribution
Percent of People with Each Score
Percentile by Number Answered
Your Score History
You have not taken this quiz